Statistics for Formula 1 Teams best drivers - Ferrari

Click here to take the quiz!

General Stats

  • This quiz has been taken 73 times
  • The average score is 6 of 7

Answer Stats

WinsPodiumsPolesAFPRacesAnswer% Correct
72116582.5180Michael Schumacher
99%
1455124.6118Sebastian Vettel
96%
114444.196Fernando Alonso
81%
105274.8151Kimi Raïkkönen
81%
1532232.657Niki Lauda
76%
1136156.0139Felipe Massa
72%
1317132.227Alberto Ascari
54%

Score Distribution

Percentile by Number Answered

Percent of People with Each Score

Your Score History

You have not taken this quiz